El universo en una cáscara de nuez / (Registro nro. 59500)

Detalles MARC
000 -CABECERA
Longitud fija campo de control 02252nam a2200433Ic 4500
003 - • IDENTIFICADOR DELl NÚMERO DE CONTROL
Identificador del número de control CO-BoRNBP
005 - • FECHA Y HORA DE LA ÚLTIMA TRANSACCIÓN
Fecha y hora de la última transacción 20251021213155.0
007 - • CAMPO FIJO DE DESCRIPCIÓN FÍSICA
Campo fijo de descripción física ta
008 - • CÓDIGOS DE INFORMACIÓN DE LONGITUD FIJA
Códigos de información de longitud fija 210812r20162022ck ao er 001 0dspa d
020 ## - • NÚMERO INTERNACIONAL NORMALIZADO PARA LIBROS
Número Internacional Normalizado para Libros (ISBN) 9584251384
020 ## - • NÚMERO INTERNACIONAL NORMALIZADO PARA LIBROS
Número Internacional Normalizado para Libros (ISBN) 9789584251381
040 ## - FUENTE DE LA CATALOGACIÓN
Centro catalogador de origen CO-BoRNBP
Lengua de catalogación spa
Normas de descripción rda
Centro transcriptor CO-BoRNBP
041 1# - • CÓDIGO DE LENGUA
Código de lengua del texto/banda sonora o título independiente spa
Código de lengua original eng
082 04 - • NÚMERO DE LA CLASIFICACIÓN DECIMAL DEWEY
Número de clasificación (R) 530.01
Número del ítem H18u
Número de edición 22
100 ## - • PUNTO DE ACCESO PRINCIPAL-NOMBRE DE PERSONA
Nombre de persona Hawking Stephen William
Fechas asociadas al nombre 1942-2018
Término indicativo de función aut
245 13 - • TITULO PROPIAMENTE DICHO
Título El universo en una cáscara de nuez /
Mención de responsabilidad, etc. Stephen Hawking ; traducción de David Jou i Mirabet.
250 ## - • MENCIÓN DE EDICIÓN
Mención de edición Primera edición, Sexta edición. Séptima edición
264 #1 - PRODUCCIÓN, PUBLICACIÓN , DISTRIBUCIÓN, FABRICACIÓN Y COPYRIGHT
Lugar de producción, publicación, distribución, fabricación Bogotá, Colombia :
Nombre del productor, editor, distribuidor, fabricante Crítica,
Fecha de de producción, publicación, distribución, fabricación o copyright 2022
300 ## - • DESCRIPCIÓN FÍSICA
Extensión 246 páginas :
Otras características físicas ilustraciones, fotografías a blanco y negro
336 ## - TIPO DE CONTENIDO
Término de tipo de contenido texto
Código de tipo de contenido txt
Fuente rdacontent
337 ## - TIPO DE MEDIO
Nombre del tipo de medio sin mediación
Código del tipo de medio n
Fuente rdamedia
338 ## - TIPO DE SOPORTE
Nombre del tipo de soporte volumen
Código del tipo de soporte nc
Fuente rdacarrier
490 ## - • MENCIÓN DE SERIE
Mención de serie Booket ciencia
Designación de volumen o secuencia 54
500 ## - • NOTA GENERAL
Nota general El material correspondiente a la dotación PNLB 2022, la fecha de edición es 2022
500 ## - • NOTA GENERAL
Nota general Incluye índice onomástico al final del texto
505 0# - • NOTA DE CONTENIDO CON FORMATO
Nota de contenido con formato 1. Breve historia de la relatividad -- 2. La forma del tiempo -- 3. El universo en una máscara de nuez -- 4. Prediciendo el futuro -- 5. Protegiendo el pasado -- 6. ¿Será nuestro futuro como Star Trek o no? -- 7. Los nuevos universos membrana
520 ## - • NOTA DE RESUMEN
Resumen, etc, El universo en una cascara de nuez es imprescindible para cuantos deseamos comprender el universo en que vivimos. Como ya sucedió con Historia del tiempo, este libro de Hawking nos ilumina y nos conmueve porque a través de su lectura experimentamos también nosotros la misma emoción que embarga a la comunidad científica a medida que va arrancando al cosmos sus secretos
521 ## - • NOTA DE PÚBLICO DESTINATARIO
Nota público destinatario (R ) Recomendado para un público adulto
534 ## - • Nota De Versión Original
Título The universe in a nutshell
545 ## - DATOS BIOGRÁFICOS O HISTÓRICOS
Datos bigr´ficos o históricos Incluye datos biográficos del autor al inicio y en contra caratula del texto
600 #0 - • PUNTO DE ACCESO ADICIONAL DE MATERIA - NOMBRE DE PERSONA
Nombre de persona Hawking Stephen William
Fechas asociadas al nombre 1942-2018
Título de la obra El universo en una cáscara de nuez
Subdivisión de materia general (R ) Critica e interpretación
650 07 - • PUNTO DE ACCESO ADICIONAL DE MATERIA - TÉRMINO DE MATERIA
Término de materia o nombre geográfico como elemento inicial Espacio y tiempo
Fuente del encabezamiento o término lemb
650 07 - • PUNTO DE ACCESO ADICIONAL DE MATERIA - TÉRMINO DE MATERIA
Término de materia o nombre geográfico como elemento inicial Relatividad (física)
Fuente del encabezamiento o término lemb
650 07 - • PUNTO DE ACCESO ADICIONAL DE MATERIA - TÉRMINO DE MATERIA
Término de materia o nombre geográfico como elemento inicial Teoría cuántica
Fuente del encabezamiento o término lemb
650 07 - • PUNTO DE ACCESO ADICIONAL DE MATERIA - TÉRMINO DE MATERIA
Término de materia o nombre geográfico como elemento inicial Física
Fuente del encabezamiento o término LEMB
700 ## - • PUNTO DE ACCESO ADICIONAL - NOMBRE DE PERSONA
Nombre de persona Jou, David
Término indicativo de función trl
942 ## - ENTRADA DE ELEMENTOS AGREGADOS (KOHA)
Fuente de clasificaión o esquema Dewey Decimal Classification
Koha [por defecto] tipo de item LIbro
Existencias
Perdido Fuente de clasificación o esquema Estado Físico No para préstamo Forma de adquisición Localización permanente Localización actual Localización en estanterías Fecha adquisición Préstamos totales Signatura completa Código de barras Fecha última consulta Número de copia Fecha del precio de reemplazo Tipo de item de Koha
  Dewey Decimal Classification     Colección General Biblioteca Pública Mapiripan - Jorge Eliecer Gaitán Biblioteca Pública Mapiripan - Jorge Eliecer Gaitán General 10/21/2025   530.01 H18u MPJG00766 10/21/2025 Ej.1 10/21/2025 LIbro









Instituto Departamental de Cultura del Meta - Red Departamental de Bibliotecas Públicas del Meta.